000 00644nam a2200229Ia 4500
003 OSt
005 20221005124054.0
006 a|||||r|||| 00| 0
007 ta
008 221004b |||||||| |||| 00| 0 eng d
024 _a38677
037 _cTextual
040 _aCRL
_cCRL
_beng
041 _2eng
_aeng
082 _aO:3x, F3.11
100 _aHammerton J A Ed.
245 0 _aMasterpiece library of short stories
_b The thousand best complete tales of all times and all countries
260 _c1923
650 _aENGLISH LITERATURE
942 _hO:3x, F3.11
_cTEXL
_2cc
999 _c1049372
_d1049372